Ricostruisci la Carriera del Calciatore - Bruno Conti - Statistics

Statistiche generali
  • Questo quiz è stato fatto 19 volte
  • Il punteggio medio è 4 su 5
Statistiche sulle risposte
Hint Risposta % Corretto
1978-1979 Genoa
93%
1976-1978 Roma
93%
1979-1991 Roma
93%
1975-1976 Genoa
87%
1973-1975 Roma
60%
Nessun quiz corrispondente trovato
Distribuzione punteggi
Percentuale di utenti per punteggio
Percentile per numero di risposta
I tuoi punteggi nel tempo
Non hai fatto questo quiz